Quản trị căn bản = The Basic Principles of Management :

Guardado en:
Detalles Bibliográficos
Autor principal: Trịnh Văn Thanh
Formato: Sách giấy
Lenguaje:Vietnamese
English
Publicado: TP.HCM : TP.HCM , 1992
Etiquetas: Agregar Etiqueta
Sin Etiquetas, Sea el primero en etiquetar este registro!
Thư viện lưu trữ: Thư viện Trường Đại học Đà Lạt
LEADER 00635nam a2200253 4500
001 DLU020016051
005 ##10/28/2000
020 # # |a 978- 
041 # # |a vie  |a eng 
082 # # |a 650  |b TR-T 
090 # # |a 650  |b TR-T 
100 # # |a Trịnh Văn Thanh 
245 # # |a Quản trị căn bản =  |b The Basic Principles of Management :  |b Cẩm nang kinh tế /  |c Trịnh Văn Thanh 
260 # # |a TP.HCM :  |b TP.HCM ,  |c 1992 
300 # # |a 608 tr.;   |c 24 cm. 
992 # # |a 50000 
994 # # |a DLU 
900 # # |a False 
911 # # |a Administrator 
925 # # |a G 
926 # # |a A 
927 # # |a SH 
980 # # |a Thư viện Trường Đại học Đà Lạt